Welcome to CU Library Online Public Access Catalogue (OPAC)

Disciplines of a godly man by R. Kent Hughes. (Record no. 4893)

MARC details
000 -LEADER
fixed length control field 00753cam a2200217 a 4500
001 - CONTROL NUMBER
control field 3014381
005 - DATE AND TIME OF LATEST TRANSACTION
control field 20250317163955.0
008 - FIXED-LENGTH DATA ELEMENTS--GENERAL INFORMATION
fixed length control field 940512s1994 ilu 000 0 eng
020 ## - INTERNATIONAL STANDARD BOOK NUMBER
International Standard Book Number 0891078177 (pbk.) :
Terms of availability $4.99
050 00 - LIBRARY OF CONGRESS CALL NUMBER
Classification number BV4647.D58
Item number H84 1991 Suppl.
082 00 - DEWEY DECIMAL CLASSIFICATION NUMBER
Classification number 248.8/42
Edition information 20
100 1# - MAIN ENTRY--PERSONAL NAME
Personal name Griffin, Ted,
Dates associated with a name 1943-
245 10 - TITLE STATEMENT
Title Disciplines of a godly man by R. Kent Hughes.
Name of part/section of a work Leader's guide /
Statement of responsibility, etc. prepared by Ted Griffin.
260 ## - PUBLICATION, DISTRIBUTION, ETC.
Place of publication, distribution, etc. Wheaton, Ill. :
Name of publisher, distributor, etc. Crossway Books,
Date of publication, distribution, etc. c1994.
300 ## - PHYSICAL DESCRIPTION
Extent 64 p. ;
Dimensions 22 cm.
650 #0 - SUBJECT ADDED ENTRY--TOPICAL TERM
Topical term or geographic name entry element Discipline
General subdivision Religious aspects
-- Christianity.
650 #0 - SUBJECT ADDED ENTRY--TOPICAL TERM
Topical term or geographic name entry element Spiritual life
General subdivision Christianity.
650 #0 - SUBJECT ADDED ENTRY--TOPICAL TERM
Topical term or geographic name entry element Christian men
General subdivision Religious life.
700 1# - ADDED ENTRY--PERSONAL NAME
Personal name Hughes, R. Kent,
Dates associated with a name 1942-
Title of a work Disciplines of a godly man.
942 ## - ADDED ENTRY ELEMENTS (KOHA)
Source of classification or shelving scheme Library of Congress Classification
Koha item type Books
Suppress in OPAC No
999 ## -
-- 4893
-- 4893
Holdings
Withdrawn status Lost status Source of classification or shelving scheme Damaged status Not for loan Collection Home library Current library Shelving location Date acquired Total checkouts Full call number Barcode Date last seen Copy number Price effective from Koha item type
    Library of Congress Classification     Non-fiction Graduate Library (Christ Temple) Graduate Library (Christ Temple) General stacks 03/17/2025   BV 4647.58 HUG GSCT00000636 03/17/2025 1 03/17/2025 Books
© 2023-2024 Copyright: Central University Libraries. All Rights Reserved | Created by: Mahone Tech Office